LEGO Movie 2: The Second Part - Character Description Match Quiz - Statistics

General Stats
  • This quiz has been taken 20 times
  • The average score is 10 of 21
Answer Stats
Description Actor Answer % Correct
The movie's main character, a former construction worker and Master Builder who goes on a mission to save his friends and prove himself worthy of being tough. Chris Pratt Emmet
94%
This cute princess has shed away her colorful look and attitude and is now becoming a red, angry gigantic steed for the person mentioned above. Allison Brie UniKitty
94%
A former tech-savvy rebel, now an apocalyptic warrior, who is already wary of the alien visitors' plans while retaining her "tough-as-nails" attitude. Elizabeth Banks Wyldstyle
94%
This DC superhero has tires for shoulder blades, is the leader of the apocalyptic warriors, and is unknowingly being dragged by the Queen into marrying her. Will Arnett Batman
83%
This broken Classic Space astronaut has one arm already replaced with a robotic one, and was really happy that he is back in outer space. Charlie Day Benny
83%
This awesomely cool and radical space adventurer, with the coolest of everything he has, who assists the protagonist into getting his friends rescued, but is actually more than what he thinks to be. (number 1) Rex Dangervest
83%
Once, he's the toughest pirate in the seas; now, he is just reduced to a few parts, yet he is still intimidating enough. Nick Offerman Metalbeard
78%
He became brainwashed after the aliens forced this beloved DC character into mowing lawns. Channing Tatum Superman
67%
This DC hero loves to use magic rings and sing loud enough to shatter windows. Jonah Hill Green Lantern
56%
This DC character has been interested in riding bikes and even has two different versions of her. Cobie Smulders Wonder Woman
56%
He's once the villain from the previous movie... now, he's a golfing enthusiast. Will Ferrell President Business
50%
The big brother who created the apocalyptic universe, and is seemingly unhappy with how her sister plays with his toys. Jadon Sand Finn
33%
The mysterious alien commander and space pilot, one who assists in the Duplo invasion, and one who took away a bunch of heroes to be sent to her kingdom. Stephanie Beatriz General Mayhem
33%
It's basically a frozen treat character who acts as the butler and confidant for the queen. Richard Ayoade Ice Cream Cone
22%
She's what she's named after by the kids of a certain doomsday event. Maya Rudolph Mom/The Mom
22%
The queen of the space kingdom, and the leader of the Duploes, who can be "whatever I wanna be" and wishes for a matrimonial ceremony between her and (number 5). Tiffany Haddish Queen Watevra Wa'Nabi
22%
The little sister who created the space kingdom in her bedroom upstairs. Brooklyn Prince Bianca
17%
She's the queen's servant... who apparently looks like a familiar princess. Margot Rubin Susan
17%
DJ, masseuse, and a vampire with a cool voice... with crystals for hair, also wear's women's jeans, and is named after one of the Three Wise Men. Noel Fielding Balthazar
6%
He slips, he slides, he is the queen's jester... who apparently is both a fruit and an Internet meme. (uncredited) Banarnar
6%
Name any cameo character or actor, fictional or not, that was seen in the movie. (various actors) Velma | Harley Quinn (Suicide Squad) | Sheryl Swoopes | Gary Payton | Larry Poppins | Dorothy Gale | Ruth Bader Ginsburg | Scribble Cop | Bruce Willis
6%
No matching quizzes found
Score Distribution
Percent of People with Each Score
Percentile by Number Answered
Your Score History
You have not taken this quiz